00623nam a2200181Ia 4500952014200000999001500142003000400157005001700161008004100178020001800219040000900237082001700246100002700263245006000290260004200350300000900392942004000401 00102ddc40708MANAGEMENTaMESbMEScMANAGEMENTd2019-02-20g350.00l0o658.3 GUP/Op34793r2019-02-20 00:00:00w2019-02-20yBKzGL54R3 c7620d7620OSt20200128095330.0190216s9999||||xx |||||||||||||| ||und|| a9788127238988 coclc a658.3bGUP/O a Gupta, Shashi K91007 0aOrganisational Behaviour /cShashi K Gupta ; Rosy Joshi bKalyani Publishers,c2008.aLudhiana: a796p cBK2ddch658.3iGUP/Ok658.3mGUP/O